[Event "SLO-ch U14 Girls"]
[Site "Rogaska Slatina"]
[Date "2009.02.26"]
[Round "7"]
[White "Ramus, Iva Cvetkovic"]
[Black "Kuk, Nika"]
[Result "1/2-1/2"]
[WhiteElo "1500"]
[BlackElo "1628"]
[PlyCount "59"]
[EventDate "2009.02.22"]
[EventType "swiss"]
[EventRounds "9"]
[EventCountry "SLO"]
[SourceTitle "CBM 129 Extra"]
[Source "ChessBase"]
[SourceDate "2009.05.05"]
[SourceVersion "2"]
[SourceVersionDate "2009.05.20"]
[SourceQuality "1"]

1. e4 Nf6 2. Nc3 d5 3. e5 Nfd7 4. d4 Nb6 5. Nf3 Nc6 6. h3 e6 7. a3 Be7 8. Bb5 Bd7 9. Bf4 a6 10. Bxc6 Bxc6 11. 0-0 h6 12. b3 0-0 13. Re1 Nd7 14. Bg3 b5 15. b4 Bb7 16. Ne2 c6 17. c3 Nb6 18. Rb1 Nc4 19. Qc1 a5 20. Nd2 Nxd2 21. Qxd2 Qc7 22. Qd3 axb4 23. axb4 Ra2 24. Ra1 Rfa8 25. Rxa2 Rxa2 26. Rc1 Qb8 27. Rb1 Qa7 28. Nc1 Ra1 29. Nb3 Rxb1+ 30. Qxb1 1/2-1/2

[Event "SLO-ch U14 Girls"]
[Site "Rogaska Slatina"]
[Date "2009.02.25"]
[Round "6"]
[White "Robba, Barbara"]
[Black "Ramus, Iva Cvetkovic"]
[Result "1/2-1/2"]
[WhiteElo "1526"]
[BlackElo "1500"]
[PlyCount "24"]
[EventDate "2009.02.22"]
[EventType "swiss"]
[EventRounds "9"]
[EventCountry "SLO"]
[SourceTitle "CBM 129 Extra"]
[Source "ChessBase"]
[SourceDate "2009.05.05"]
[SourceVersion "2"]
[SourceVersionDate "2009.05.20"]
[SourceQuality "1"]

1. e4 e5 2. Nc3 Nf6 3. f4 d5 4. exd5 exf4 5. Qf3 Bb4 6. Qxf4 Bxc3 7. bxc3 Qe7+ 8. Ne2 Nxd5 9. Qd4 Nf6 10. d3 h6 11. Qe3 Qxe3 12. Bxe3 0-0 1/2-1/2

[Event "SLO-ch U14 Girls"]
[Site "Rogaska Slatina"]
[Date "2009.02.22"]
[Round "2"]
[White "Ramus, Iva Cvetkovic"]
[Black "Skuhala, Barbara"]
[Result "0-1"]
[WhiteElo "1500"]
[BlackElo "1554"]
[PlyCount "112"]
[EventDate "2009.02.22"]
[EventType "swiss"]
[EventRounds "9"]
[EventCountry "SLO"]
[SourceTitle "CBM 129 Extra"]
[Source "ChessBase"]
[SourceDate "2009.05.05"]
[SourceVersion "2"]
[SourceVersionDate "2009.05.20"]
[SourceQuality "1"]

1. e4 e5 2. Nf3 Nc6 3. Bc4 Bc5 4. c3 Nf6 5. d4 exd4 6. cxd4 Bb4+ 7. Bd2 Nxe4 8. Bxb4 Nxb4 9. Qb3 d5 10. Qxb4 dxc4 11. Qxc4 0-0 12. h3 Nd6 13. Qb3 Re8+ 14. Ne5 Be6 15. Qg3 Nf5 16. Qc3 f6 17. Nf3 Bc4+ 18. Kd1 Be2+ 19. Kc1 Bxf3 20. gxf3 Nxd4 21. Qc4+ Kh8 22. Nd2 Ne2+ 23. Kc2 Qd7 24. Rad1 Qf5+ 25. Ne4 Qxf3 26. Nd2 Qf5+ 27. Qd3 Qxd3+ 28. Kxd3 Rad8+ 29. Kc2 Nd4+ 30. Kc1 Nc6 31. Rhe1 Kg8 32. Rxe8+ Rxe8 33. Nc4 Rd8 34. Rxd8+ Nxd8 35. Kd2 Kf7 36. Kd3 Ke6 37. Kd4 b6 38. b4 Nc6+ 39. Kc3 Ne5 40. Nd2 Kd5 41. a4 g5 42. f3 f5 43. b5 h5 44. Nf1 g4 45. f4 Nf3 46. hxg4 fxg4 47. f5 h4 48. f6 Ke6 49. f7 Kxf7 50. Kd3 g3 51. Ke2 g2 52. Kf2 g1Q+ 53. Ke2 Qg2+ 54. Kd3 Qxf1+ 55. Ke4 Qe2+ 56. Kd5 Qe6# 0-1

[Event "SLO-ch U14 Girls"]
[Site "Postojna"]
[Date "2008.02.29"]
[Round "8"]
[White "Ramus, Iva Cvetkovic"]
[Black "Janezic, Eva"]
[Result "0-1"]
[WhiteElo "1500"]
[BlackElo "1500"]
[PlyCount "118"]
[EventDate "2008.02.24"]
[EventType "swiss"]
[EventRounds "9"]
[EventCountry "SLO"]
[SourceTitle "EXT 2010"]
[Source "ChessBase"]
[SourceDate "2010.11.25"]
[SourceVersion "1"]
[SourceVersionDate "2010.11.25"]
[SourceQuality "1"]

1. e4 e5 2. Nf3 Nc6 3. Bc4 Bc5 4. 0-0 d6 5. h3 Nf6 6. d3 h6 7. a3 Be6 8. Bxe6 fxe6 9. Be3 Bb6 10. Bxb6 axb6 11. c3 0-0 12. d4 Nxe4 13. dxe5 Nxe5 14. Nxe5 dxe5 15. Qxd8 Raxd8 16. f3 Nc5 17. Re1 Nd3 18. Re2 Rd5 19. c4 Rc5 20. Nd2 Nf4 21. Re4 Rf5 22. b4 Rc6 23. g4 Rf8 24. Rxe5 Nxh3+ 25. Kg2 Nf4+ 26. Kg3 Rd6 27. Ne4 Rd3 28. c5 Rd5 29. Rxd5 exd5 30. Nf2 bxc5 31. bxc5 Ne6 32. Rc1 Ra8 33. c6 b6 34. Rc3 Ra4 35. Rd3 d4 36. Ne4 Rc4 37. f4 Nd8 38. Kf3 Nxc6 39. g5 hxg5 40. fxg5 Ne5+ 41. Kf4 Nxd3+ 42. Kf5 c5 43. g6 Rc1 44. Ke6 Re1 45. Kd5 Nf4+ 46. Ke5 Nxg6+ 47. Kd5 d3 48. Nc3 d2 49. Kc4 d1Q 50. Nxd1 Rxd1 51. Kb5 Kf7 52. Kxb6 Ke6 53. a4 Ra1 54. a5 c4 55. a6 Rxa6+ 56. Kxa6 c3 57. Ka5 c2 58. Ka4 c1Q 59. Kb5 Qb2+ 0-1

[Event "SLO-ch U12 Girls"]
[Site "Murska Sobota"]
[Date "2007.02.27"]
[Round "4"]
[White "Janzekovic, Nives"]
[Black "Ramus, Iva Cvetkovic"]
[Result "1/2-1/2"]
[WhiteElo "1500"]
[BlackElo "1500"]
[PlyCount "35"]
[EventDate "2007.02.25"]
[EventType "swiss"]
[EventRounds "9"]
[EventCountry "SLO"]
[SourceTitle "CBM 117 Extra"]
[Source "ChessBase"]
[SourceDate "2007.05.09"]
[SourceVersion "1"]
[SourceVersionDate "2007.05.09"]
[SourceQuality "1"]

1. e4 Nf6 2. Nc3 e5 3. Nf3 d6 4. Bb5+ Bd7 5. Bxd7+ Nfxd7 6. d3 Be7 7. Ne2 Nf6 8. Ng3 0-0 9. Nf5 Nc6 10. d4 Nxe4 11. Qe2 d5 12. dxe5 Bb4+ 13. Bd2 Bxd2+ 14. Nxd2 Nxd2 15. Kxd2 Qg5+ 16. Ne3 Nd4 17. Qd1 Qxe5 18. c3 1/2-1/2